000 00639cam a22002294a 4500
001 14014574
005 20180127034648.0
008 050624s2005 paua 001 0 eng
010 _a 2005278751
020 _a0803612249
040 _aDLC
_cDLC
_dDLC
041 _aeng
042 _apcc
080 _a617.9178
082 0 0 _a617.9178 RUT
_222
100 1 _a5
101 _aSHK
245 1 0 _aDifferentiating surgical instruments /
_cColleen Rutherford.
906 _a7
_bcbc
_corignew
_d2
_encip
_f20
_gy-gencatlg
942 _2ddc
_cBK
999 _c41073
_d41073